Saveurs des chips Brets - Statistiques

Statistiques générales
  • Ce quiz a été pris 333 fois
  • Le résultat moyen est 10 sur 30
Statistiques - réponses
Saveur % Correct
18 Pastis
63%
26 Sauce barbecue
62%
8 Poulet braisé
61%
5 Fromage du jura
57%
6 Sel et vinaigre
54%
4 Pesto mozzarella
52%
7 Chèvre - piment d'espelette
51%
17 Tartiflette
51%
28 Côte de bœuf grillée
45%
1 Miel moutarde
44%
24 Yakitori
44%
21 Sauce curry
41%
12 Camembert
40%
27 Pizza au feu de bois
37%
10 Pili-pili
34%
20 Cheddar Jalapeno
32%
15 Aïoli
31%
14 Sauce pommes frites
29%
3 Bleu Pancetta
26%
9 Cèpes
25%
16 Cheddar - oignon de Roscoff
24%
11 Bacon grillé
22%
29 Fromage frais fines herbes
22%
30 Petits oignons
22%
22 Bleu d'Auvergne AOP
21%
19 Chili pointe de menthe
13%
2 Beurre salé
12%
25 Poivrons grillés chorizo
12%
23 Tomates séchées et vinaigre balsamique
10%
13 Confit d'oignons et vinaigre balsamique
5%
Aucun quiz correspondant
Distribution des résultats
% des personnes avec chaque résultat
Percentile par nombre de réponses
Votre historique - résultats
Vous n’avez pas pris ce quiz